The great debaters (Record no. 53651)
[ view plain ]
| 000 -LEADER | |
|---|---|
| fixed length control field | 03829cgm a2200805Ka 4500 |
| 003 - CONTROL NUMBER IDENTIFIER | |
| control field | OCoLC |
| 005 - DATE AND TIME OF LATEST TRANSACTION | |
| control field | 20241220121946.0 |
| 007 - PHYSICAL DESCRIPTION FIXED FIELD--GENERAL INFORMATION | |
| fixed length control field | vd cvaizq |
| 008 - FIXED-LENGTH DATA ELEMENTS--GENERAL INFORMATION | |
| fixed length control field | 080129s2008 nyu124 g vleng d |
| 001 - CONTROL NUMBER | |
| control field | ocn191685049 |
| 035 ## - SYSTEM CONTROL NUMBER | |
| System control number | (Sirsi) i9781594450273 |
| 040 ## - CATALOGING SOURCE | |
| Original cataloging agency | TEFMT |
| Transcribing agency | TEFMT |
| Modifying agency | TEF |
| -- | BTCTA |
| -- | GK8 |
| -- | ZS3 |
| -- | UINTA |
| 020 ## - INTERNATIONAL STANDARD BOOK NUMBER | |
| International Standard Book Number | 1594450277 |
| 020 ## - INTERNATIONAL STANDARD BOOK NUMBER | |
| International Standard Book Number | 9781594450273 |
| 024 10 - OTHER STANDARD IDENTIFIER | |
| Standard number or code | 796019810708 |
| 028 42 - PUBLISHER NUMBER | |
| Publisher number | 81070 |
| Source | Weinstein Company |
| 035 ## - SYSTEM CONTROL NUMBER | |
| System control number | (OCoLC)191685049 |
| 037 ## - SOURCE OF ACQUISITION | |
| Source of stock number/acquisition | Midwest Tape |
| Note | http://www.midwesttapes.com |
| 043 ## - GEOGRAPHIC AREA CODE | |
| Geographic area code | n-us-tx |
| 050 14 - LIBRARY OF CONGRESS CALL NUMBER | |
| Classification number | PN1995.9.M45 |
| Item number | G7438 2008 |
| 082 04 - DEWEY DECIMAL CLASSIFICATION NUMBER | |
| Classification number | 791.43/72 |
| Edition number | 22 |
| 049 ## - LOCAL HOLDINGS (OCLC) | |
| Holding library | UCLB |
| 092 ## - LOCALLY ASSIGNED DEWEY CALL NUMBER (OCLC) | |
| Classification number | 791.437 |
| 245 04 - TITLE STATEMENT | |
| Title | The great debaters |
| Medium | [videorecording] / |
| Statement of responsibility, etc | The Weinstein Company presents a Harpo Films production ; produced by Todd Black, Kate Forte, Joe Roth, Denzel Washington, Oprah Winfrey ; story by Robert Eisele & Jeffrey Porro ; screenplay by Robert Eisele ; directed by Denzel Washington. |
| 250 ## - EDITION STATEMENT | |
| Edition statement | Widescreen [ed.]. |
| 260 ## - PUBLICATION, DISTRIBUTION, ETC. (IMPRINT) | |
| Place of publication, distribution, etc | [New York] : |
| Name of publisher, distributor, etc | Weinstein Company, |
| Date of publication, distribution, etc | c2008. |
| 300 ## - PHYSICAL DESCRIPTION | |
| Extent | 1 videodisc (124 min.) : |
| Other physical details | sd., col. ; |
| Dimensions | 4 3/4 in. |
| 538 ## - SYSTEM DETAILS NOTE | |
| System details note | DVD, widescreen (2.35:1) presentation; Dolby Digital. |
| 511 1# - PARTICIPANT OR PERFORMER NOTE | |
| Participant or performer note | Denzel Washington, Nate Parker, Jurnee Smollett, Denzel Whitaker, Jermaine Williams, Forest Whitaker, Gina Ravera, John Heard, Kimberly Elise, Devyn Tyler, Trenton McClain Boyd. |
| 508 ## - CREATION/PRODUCTION CREDITS NOTE | |
| Creation/production credits note | Director of photography, Philippe Rousselot ; editors, John Breinholt, Hughes Winborne ; music, Peter Golub, James Newton Howard ; costume designer, Sharen Davis ; production designer, David J. Bomba. |
| 521 8# - TARGET AUDIENCE NOTE | |
| Target audience note | MPAA rating: PG-13; strong thematic material including violence and disturbing images, language, and brief sexuality. |
| 520 ## - SUMMARY, ETC. | |
| Summary, etc | Melvin B. Tolson is a professor at Wiley College in Texas. Wiley is a small African-American college. In 1935, Tolson inspired students to form the school's first debate team. Tolson turns a group of underdog students into a historically elite debate team which goes on to challenge Harvard in the national championship. Inspired by a true story. |
| 650 #0 - SUBJECT ADDED ENTRY--TOPICAL TERM | |
| Topical term or geographic name as entry element | Debates and debating |
| Geographic subdivision | Texas |
| Form subdivision | Drama. |
| 9 (RLIN) | 6508806 |
| 610 20 - SUBJECT ADDED ENTRY--CORPORATE NAME | |
| Corporate name or jurisdiction name as entry element | Wiley College (Marshall, Tex.) |
| Form subdivision | Drama. |
| 9 (RLIN) | 6183088 |
| 650 #0 - SUBJECT ADDED ENTRY--TOPICAL TERM | |
| Topical term or geographic name as entry element | African American college students |
| Geographic subdivision | Texas |
| Form subdivision | Drama. |
| 9 (RLIN) | 6508807 |
| 650 #0 - SUBJECT ADDED ENTRY--TOPICAL TERM | |
| Topical term or geographic name as entry element | African American college teachers |
| Geographic subdivision | Texas |
| Form subdivision | Drama. |
| 9 (RLIN) | 6508808 |
| 651 #0 - SUBJECT ADDED ENTRY--GEOGRAPHIC NAME | |
| Geographic name | Texas |
| Form subdivision | Drama. |
| 9 (RLIN) | 5741802 |
| 650 #7 - SUBJECT ADDED ENTRY--TOPICAL TERM | |
| Topical term or geographic name as entry element | Debates and debating |
| Geographic subdivision | Texas |
| Form subdivision | Drama. |
| Source of heading or term | sears |
| 9 (RLIN) | 6508806 |
| 610 27 - SUBJECT ADDED ENTRY--CORPORATE NAME | |
| Corporate name or jurisdiction name as entry element | Wiley College (Marshall, Tex.) |
| Form subdivision | Drama. |
| Source of heading or term | sears |
| 9 (RLIN) | 6183088 |
| 650 #7 - SUBJECT ADDED ENTRY--TOPICAL TERM | |
| Topical term or geographic name as entry element | African American college students |
| Geographic subdivision | Texas |
| Form subdivision | Drama. |
| Source of heading or term | sears |
| 9 (RLIN) | 6508807 |
| 650 #7 - SUBJECT ADDED ENTRY--TOPICAL TERM | |
| Topical term or geographic name as entry element | African American college teachers |
| Geographic subdivision | Texas |
| Form subdivision | Drama. |
| Source of heading or term | sears |
| 9 (RLIN) | 6508808 |
| 651 #7 - SUBJECT ADDED ENTRY--GEOGRAPHIC NAME | |
| Geographic name | Texas |
| Form subdivision | Drama. |
| Source of heading or term | sears |
| 9 (RLIN) | 5741802 |
| 655 #0 - INDEX TERM--GENRE/FORM | |
| Genre/form data or focus term | Feature films. |
| 9 (RLIN) | 6183091 |
| 655 #0 - INDEX TERM--GENRE/FORM | |
| Genre/form data or focus term | Fiction films. |
| 9 (RLIN) | 5674705 |
| 655 #0 - INDEX TERM--GENRE/FORM | |
| Genre/form data or focus term | Melodrama. |
| 9 (RLIN) | 6183092 |
| 655 #0 - INDEX TERM--GENRE/FORM | |
| Genre/form data or focus term | Melodrama |
| Form subdivision | Feature. |
| 9 (RLIN) | 5675363 |
| 700 1# - ADDED ENTRY--PERSONAL NAME | |
| Personal name | Black, Todd. |
| 9 (RLIN) | 69419 |
| 700 1# - ADDED ENTRY--PERSONAL NAME | |
| Personal name | Forte, Kate. |
| 9 (RLIN) | 66399 |
| 700 1# - ADDED ENTRY--PERSONAL NAME | |
| Personal name | Roth, Joe, |
| Dates associated with a name | 1948- |
| 9 (RLIN) | 62594 |
| 700 1# - ADDED ENTRY--PERSONAL NAME | |
| Personal name | Washington, Denzel, |
| Dates associated with a name | 1954- |
| 9 (RLIN) | 34832 |
| 700 1# - ADDED ENTRY--PERSONAL NAME | |
| Personal name | Winfrey, Oprah. |
| 9 (RLIN) | 6183093 |
| 700 1# - ADDED ENTRY--PERSONAL NAME | |
| Personal name | Eisele, Robert. |
| 9 (RLIN) | 6183094 |
| 700 1# - ADDED ENTRY--PERSONAL NAME | |
| Personal name | Porro, Jeffrey. |
| 9 (RLIN) | 75013 |
| 700 1# - ADDED ENTRY--PERSONAL NAME | |
| Personal name | Parker, Nate. |
| 9 (RLIN) | 6183095 |
| 700 1# - ADDED ENTRY--PERSONAL NAME | |
| Personal name | Smollett, Jurnee, |
| Dates associated with a name | 1986- |
| 9 (RLIN) | 65627 |
| 700 1# - ADDED ENTRY--PERSONAL NAME | |
| Personal name | Whitaker, Denzel. |
| 9 (RLIN) | 6183096 |
| 700 1# - ADDED ENTRY--PERSONAL NAME | |
| Personal name | Williams, Jermaine. |
| 9 (RLIN) | 6174903 |
| 700 1# - ADDED ENTRY--PERSONAL NAME | |
| Personal name | Whitaker, Forest. |
| 9 (RLIN) | 38671 |
| 700 1# - ADDED ENTRY--PERSONAL NAME | |
| Personal name | Ravera, Gina. |
| 9 (RLIN) | 63312 |
| 700 1# - ADDED ENTRY--PERSONAL NAME | |
| Personal name | Heard, John, |
| Dates associated with a name | 1946- |
| 9 (RLIN) | 30751 |
| 700 1# - ADDED ENTRY--PERSONAL NAME | |
| Personal name | Elise, Kimberly, |
| Dates associated with a name | 1971- |
| 9 (RLIN) | 66496 |
| 700 1# - ADDED ENTRY--PERSONAL NAME | |
| Personal name | Tyler, Devyn. |
| 9 (RLIN) | 6183097 |
| 700 1# - ADDED ENTRY--PERSONAL NAME | |
| Personal name | Boyd, Trenton McClain. |
| 9 (RLIN) | 6183098 |
| 710 2# - ADDED ENTRY--CORPORATE NAME | |
| Corporate name or jurisdiction name as entry element | Weinstein Company. |
| 9 (RLIN) | 73072 |
| 710 2# - ADDED ENTRY--CORPORATE NAME | |
| Corporate name or jurisdiction name as entry element | Harpo Films. |
| 9 (RLIN) | 65827 |
| 938 ## - | |
| -- | Baker and Taylor |
| -- | BTCP |
| -- | BEDDTWC 81070 |
| 942 ## - ADDED ENTRY ELEMENTS (KOHA) | |
| Koha item type | DVD |
| 994 ## - | |
| -- | C0 |
| -- | UINTA |
| 998 ## - LOCAL CONTROL INFORMATION (RLIN) | |
| -- | a114654 |
| Withdrawn status | Lost status | Source of classification or shelving scheme | Damaged status | Not for loan | Collection code | Home library | Current library | Shelving location | Date acquired | Source of acquisition | Cost, normal purchase price | Total Checkouts | Total Renewals | Full call number | Barcode | Date last seen | Date checked out | Cost, replacement price | Price effective from | Koha item type |
|---|---|---|---|---|---|---|---|---|---|---|---|---|---|---|---|---|---|---|---|---|
| Dewey Decimal Classification | Movies | Wasatch County Library | Wasatch County Library | Audio Visual Area | 01/09/2009 | Amazon | 15.95 | 98 | 1 | DVD Gre | 34301000791121 | 06/26/2025 | 06/24/2025 | 15.95 | 03/20/2020 | DVD |
